|
|
|
|
| LEADER |
01215nam a2200349 4500 |
| 001 |
000025027 |
| 003 |
21518 |
| 005 |
20170418140451.0 |
| 008 |
170414s1997 viesd |
| 041 |
0 |
|
|a vie
|
| 082 |
1 |
4 |
|a 425
|b MA-J
|
| 100 |
1 |
|
|a Maurer, Jay
|
| 245 |
1 |
0 |
|a Focus on grammar
|b An advanced course for reference and practice
|c Jay Maurer ; Lê Huy Lâm, Phạm Tấn Quyền
|
| 260 |
|
|
|a Tp.HCM
|b Nxb. Tp.HCM
|c 1997
|
| 300 |
|
|
|a 333 tr.
|c 21 cm.
|e 3 băng Cassette
|
| 490 |
|
|
|a Ngữ pháp Longman
|
| 500 |
|
|
|a Trình độ cao cấp
|
| 650 |
0 |
4 |
|a English language
|x Grammar
|
| 653 |
|
|
|a Trình độ cao cấp
|
| 700 |
1 |
|
|a Jay, Maurer
|
| 700 |
1 |
|
|a Lê Huy Lâm
|e dịch và chú giải
|
| 700 |
1 |
|
|a Phạm Tấn Quyền
|e dịch và chú giải
|
| OWN |
|
|
|a LSP
|
| AVA |
|
|
|a UDN50
|b LSP
|d 425 MA-J
|e available
|t Error 5001 Not defined in file expand_doc_bib_avail.
|f 5
|g 0
|h N
|i 0
|k 1
|
| 999 |
|
|
|a From the UDN01
|
| AVA |
|
|
|a UDN50
|b LSP
|d 425 MA-J
|e available
|t Error 5001 Not defined in file expand_doc_bib_avail.
|f 5
|g 0
|h N
|i 0
|k 1
|
| TYP |
|
|
|a Monograph
|
| TYP |
|
|
|a Printed language
|
| 980 |
|
|
|a Mạng thư viện Đại học Đà Nẵng
|